000 00532nam a22001817i 4500
001 3527
003 OSt
005 20170126082319.0
007 tu
008 161220s1997 xxu||||| |||| 00| 0 d
024 7 _a3526
_2RID
040 _cOSt
084 _a11.352
_2z
100 1 _aHunya, Gabor
245 0 0 _aForeign Direct Investment in Central and Eastern Europe
_bA study commissioned by Bank Austria, Vienna April 1997
260 _aWien :
_bWiener Institut für Internationale Wirtschaftsvergleiche (WIIW),
_c1997.
300 _a40 S. ;
_c30cm.
942 _cB
999 _c3477
_d3477